=LDR 00000nam 2200000 4500 =001 NUTBA000000000000250 =005 20140319131739.0 =006 =007 =008 =020 ##$$a 978-979-045-426-2 =035 ##$$a 0010-031400000000249 =090 ##$$a 813 Cra j =100 ##$$a Joe Craig =245 ##$$a jimmy coates sang buronan =260 ##$$a Solo $b Tiga Serangkai $c 2009 =300 ##$$a 292 hlm $c 19 cm